Statistics for 20 Least Known Capital Cities: Pair Them up with Their Countries!

Click here to take the quiz!

General Stats

  • This quiz has been taken 935 times
  • The average score is 32 of 40

Answer Stats

ANSWER % Correct
Naypyidaw
86%
Burma
86%
Chad
85%
Mauritania
85%
Nouakchott
85%
Malawi
85%
Lilongwe
85%
N'Djamena
85%
Cote d'Ivoire
84%
Yamoussoukro
84%
Mbabane
83%
Swaziland
83%
Nuku'alofa
82%
Tonga
82%
Ngerulmud
81%
Palau
81%
Bujumbura
80%
Burundi
80%
Comoros
79%
Malabo
79%
Equatorial Guinea
79%
Solomon Islands
79%
Lesotho
79%
Maseru
79%
Moroni
79%
Honiara
79%
Palikir
78%
Bangui
78%
Micronesia (Fed. States)
78%
Central African Republic
78%
Banjul
77%
Tuvalu
77%
Gambia
77%
Funafuti
77%
Tarawa
76%
Kiribati
76%
Majuro
75%
Marshall Islands
75%
Yaren
74%
Nauru
74%

Score Distribution

Percentile by Number Answered

Percent of People with Each Score

Your Score History

You have not taken this quiz